00939ngm a2200289 4500003000400000005001700004007000400021008004100025010002000066024002100086035002000107040001300127082001500140245007300155260002800228300005000256440003300306500014000339538004900479650001900528700002100547700001800568700001200586700001800598700001600616700001700632dpl20090105150552.0DVD||||||sp199 xxu|||||c ||| 00| 0 ng d  aDVD-001883-1885 aVHIF 0671c34.00 aDVD-001883-1885 aDPLcDPL aDVD / EKCH aEk Chalis Ki Last LocalcBharat Shah Presentsh[videorecording] VCD/ bMoserbaer Entertainment a2 videodisc VCD;bsd., col. ;c4 3/4 in.fVCD aMoserbaer Home Entertainment aMoserbaer India Ltd. has obtained the necessary licence/conssent from the owner of the copyright in the wroks for making this DVD Film. aDolby Digital 5.1 - Hindi Subtitles: English aMotion Picture aKhanduri, Sanjay aVijayasri, C. aMehboob aTewari, Ankur aDeol, Abhay aDuphia, Neha